| 000 -ლიდერი |
| ფიქსირებული სიგრძის საკონტროლო ველი |
01995nam a2200313Ia 4500 |
| 001 - საკონტროლო ნომერი |
| საკონტროლო ველი |
22667 |
| 003 - საკონტროლო ნომრის იდენტიფიკატორი |
| საკონტროლო ველი |
GE_BSU |
| 005 - ბოლო ოპერაციის თარიღი და დრო |
| საკონტროლო ველი |
20230411141941.0 |
| 008 - ფიქსირებული სიგრძის მონაცემთა ელემენტები - ზოგადი ინფორმაცია |
| ფიქსირებული სიგრძის საკონტროლო ველი |
181216s ||||ge |||||||||||||| ||geo|| |
| 020 ## - წიგნის საერთაშორისო სტანდარტული ნომერი |
| International Standard Book Number |
9789941272516 |
| 040 ## - კატალოგიზაციის წყარო |
| Transcribing agency |
GE_BSU |
| 041 ## - ენის კოდი |
| Language code of text/sound track or separate title |
geo |
| 080 ## - უნივერსალური ათობითი კლასიფიკაციის ინდექსი |
| Universal Decimal Classification number |
141.72+342.726+396(479.22) ვ-58 |
| 245 ## - ცნობა სათაურის შესახებ |
| Title |
ვის ეშინია ფემინიზმის საქართველოში ქალთა პოლიტიკური ბრძოლის ველი : |
| Remainder of title |
[კრებული] სტატიების სერიის მეორე წიგნი / |
| Statement of responsibility, etc |
რედაქტორები : ეთუნა ნოღაიდელი, სალომე ცოფურაშვილი ; გარეკანის დიზაინი : თეონა ჭანიშვილი. |
| 264 ## - წარმოების, გამოცემის, დისტრიბუციის და სხვა ცნობები |
| გამოცემის, წარმოების, დისტრიბუციის... ადგილი |
თბილისი |
| გამოცემის, წარმოების, დისტრიბუციის... სახელწოდება |
ჰაინრიჰ ბიოლის ფონდის სამხრეთ კავკასიის რეგიონული ბიურო (შპს სეზანი), |
| გამოცემის, წარმოების, დისტრიბუციის... თარიღი |
2017. |
| 300 ## - ფიზიკური აღწერა |
| Extent |
212 გვ. ; |
| Dimensions |
23 სმ. |
| 504 ## - BIBLIOGRAPHY, ETC. NOTE |
| Bibliography, etc |
ბიბლიოგრ. : გვ. 194-201 |
| 653 ## - INDEX TERM--UNCONTROLLED |
| Uncontrolled term |
ვის ეშინია ფემინიზმის საქართველოში ქალთა პოლიტიკური ბრძოლის ველი |
| 653 ## - INDEX TERM--UNCONTROLLED |
| Uncontrolled term |
[კრებული] |
| 653 ## - INDEX TERM--UNCONTROLLED |
| Uncontrolled term |
ფემინიზმი |
| 653 ## - INDEX TERM--UNCONTROLLED |
| Uncontrolled term |
ქალთა უფლებების დაცვა საქართველოში |
| 653 ## - INDEX TERM--UNCONTROLLED |
| Uncontrolled term |
ქალთა მოძრაობა |
| 653 ## - INDEX TERM--UNCONTROLLED |
| Uncontrolled term |
ქალთა საკითხები |
| 653 ## - INDEX TERM--UNCONTROLLED |
| Uncontrolled term |
ქალთა მდგომარეობა |
| 700 ## - ADDED ENTRY--PERSONAL NAME |
| Personal name |
ნოღაიდელი, ეთუნა |
| Relator term |
რედაქტორი |
| 9 (RLIN) |
17617 |
| 700 ## - ADDED ENTRY--PERSONAL NAME |
| Personal name |
ცოფურაშვილი, სალომე |
| Relator term |
რდაქტორი |
| 9 (RLIN) |
17618 |
| 942 ## - ADDED ENTRY ELEMENTS (KOHA) |
| Koha item type |
წიგნი |
| Source of classification or shelving scheme |
|